Rakúsko
Z obsahu: Rakúsko sa stáva zemepisným stredom EÚ. Vo finančnom sektore Slovenska sú rakúske banky silným hráčom. Rakúske poisťovne zaznamenávajú väčší rozmach v zahraničí než doma. Expanzia do susedných krajín. Cezhraničná spolupráca poskytuje čoraz viac možností rozvoja. Letisko Viedeň sa teší na b...
Uložené v:
| Médium: | Kapitola |
|---|---|
| Jazyk: | Slovak |
| Predmet: | |
| Tagy: |
Žiadne tagy, Buďte prvý, kto otaguje tento záznam!
|
MARC
| LEADER | 00000naa a2200000 4500 | ||
|---|---|---|---|
| 001 | r048791 | ||
| 005 | 20230921114544.6 | ||
| 041 | 0 | |a slo | |
| 044 | |a SK | ||
| 245 | 1 | 0 | |a Rakúsko |
| 520 | |a Z obsahu: Rakúsko sa stáva zemepisným stredom EÚ. Vo finančnom sektore Slovenska sú rakúske banky silným hráčom. Rakúske poisťovne zaznamenávajú väčší rozmach v zahraničí než doma. Expanzia do susedných krajín. Cezhraničná spolupráca poskytuje čoraz viac možností rozvoja. Letisko Viedeň sa teší na budúcu spoluprácu s Bratislavou. | ||
| 610 | 2 | 0 | |a Rakúsko |
| 610 | 2 | 0 | |a spolupráca cezhraničná |
| 610 | 2 | 0 | |a Európa |
| 610 | 2 | 0 | |a Európska únia |
| 610 | 2 | 0 | |a banky |
| 610 | 2 | 0 | |a poisťovne |
| 610 | 2 | 0 | |a letiská |
| 610 | 2 | 0 | |a Viedeň |
| 610 | 2 | 0 | |a Bratislava |